Rainbow road /

Uloženo v:
Podrobná bibliografie
Hlavní autor: Sanchez, Alex (Autor)
Další autoři: Bocchi, Alessandro, (1966- )
Médium: Kniha
Jazyk:italština
Vydáno: Roma : Playground, 2008
Vydání:2. ed
Edice:High school
Tagy: Přidat tag
Žádné tagy, Buďte první, kdo vytvoří štítek k tomuto záznamu!

MARC

LEADER 00000nam a22000007i 4500
001 IT\ICCU\TO0\1798724
003 ItRI
005 20250729133700.0
008 110203s2008 it |||||| ||||| |||||c
020 |a 9788889113349 
040 |b ita  |c ct 
041 7 |a ita  |2 ISO-639-2 
100 1 |a Sanchez, Alex  |0 IT\ICCU\UBOV\928060  |4 aut 
240 1 0 |a Rainbow Road.  |9 Sanchez, Alex 
245 1 0 |a Rainbow road /  |c Alex Sanchez ; traduzione di Alessandro Bocchi. 
250 |a 2. ed 
260 |a Roma :  |b Playground,  |c 2008 
300 |a 188 p. ;  |c 20 cm. 
700 1 |a Bocchi, Alessandro,  |d  (1966- )  |0 IT\ICCU\CFIV\228421 
830 0 |a High school  |0 IT\ICCU\UBO\2598499 
942 |2 ddc  |c BK 
952 |0 0  |1 0  |2 ddc  |4 0  |6 B_LNR02SANALRAI21  |7 0  |9 7690  |a MI  |b MI  |d 2012-03-26  |i 6412  |l 0  |o B-LNR02-SANAL-RAI21  |p CDOM6412  |r 2025-07-13 16:28:45  |w 2025-07-13  |x DONO  |y BK 
981 1 |6 z01  |a i   |b xxxe  
982 1 |6 z01  |a n 
999 |c 6366  |d 6366